Institutions and Inequalities, Essays in Honour of Andre Beteille (Record no. 9451)

MARC details
000 -LEADER
fixed length control field 00621nam a2200229 a 4500
020 ## - INTERNATIONAL STANDARD BOOK NUMBER
ISBN 019565
082 00 - DEWEY DECIMAL CLASSIFICATION NUMBER
Classification number 306.0899145
Author Cutter GUH1
100 ## - MAIN ENTRY--AUTHOR NAME
Author name Guha, Ramachandra
245 ## - TITLE STATEMENT
Title Institutions and Inequalities, Essays in Honour of Andre Beteille
260 ## - PUBLICATION, DISTRIBUTION, ETC. (IMPRINT)
Place of publication New Dlhi
Name of publisher Oxford University Press
Year of publication 1999
300 ## - PHYSICAL DESCRIPTION
Number of Pages 302p
500 ## - GENERAL NOTE
General note includes index and biblioraphy
505 2# - FORMATTED CONTENTS NOTE
Formatted contents note Acknowledgement, Notes
650 ## - SUBJECT ADDED ENTRY--TOPICAL TERM
Topical Term Caste-India
942 ## - ADDED ENTRY ELEMENTS (KOHA)
Koha item type Books
Holdings
Collection code Home library Current library Date acquired Cost, normal purchase price Full call number Accession Number Koha item type
  Henry Martyn Institute Library Henry Martyn Institute Library 03/30/2007 595.00 306.0899145 GUH1 019516 Books
                   Copyright © 2026 | Henry Martyn Institute | Hyderabad | TS-500052 | INDIA | Implemented by hmi.edu.in
Hit-Count:

Powered by Koha